Lamb all alone : (Record no. 5703)

MARC details
000 -LEADER
fixed length control field 01311nam a22002897a 4500
001 - CONTROL NUMBER
control field 5703
003 - CONTROL NUMBER IDENTIFIER
control field FISKH
005 - DATE AND TIME OF LATEST TRANSACTION
control field 20250115091927.0
008 - FIXED-LENGTH DATA ELEMENTS--GENERAL INFORMATION
fixed length control field 250115b cb ||||| |||| 00| 0 eng d
020 ## - INTERNATIONAL STANDARD BOOK NUMBER
International Standard Book Number 9781407133232
040 ## - CATALOGING SOURCE
Original cataloging agency FISKH
Language of cataloging eng
Transcribing agency FISKH
Modifying agency FISKH
050 ## - LIBRARY OF CONGRESS CALL NUMBER
Classification number PZ7
082 ## - DEWEY DECIMAL CLASSIFICATION NUMBER
Classification number 823.92
100 ## - MAIN ENTRY--PERSONAL NAME
Personal name Davies, Kate
245 ## - TITLE STATEMENT
Title Lamb all alone :
Remainder of title Based on a real-life animal rescue /
Statement of responsibility, etc. By Kate Davies ; Illustrated by Jon Davis
260 ## - PUBLICATION, DISTRIBUTION, ETC.
Place of publication, distribution, etc. London ;
Name of publisher, distributor, etc. Scholastic,
Date of publication, distribution, etc. 2013.
300 ## - PHYSICAL DESCRIPTION
Extent 128 pages ;
Other physical details illustrations ;
Dimensions 20 cm
490 ## - SERIES STATEMENT
Series statement RSPCA
505 ## - FORMATTED CONTENTS NOTE
Formatted contents note Q<br/>
520 ## - SUMMARY, ETC.
Summary, etc. Ben's school is closed due to a flood warning. This could be a real emergency! At home, Ben and his family start to secure the house against the rising water. But what about the sheep in the field at the end of his garden? The farmer is stuck on his farm and can't rescue them. Luckily, the RSPCA are on hand to help. Together Ben's family and the RSPCA Inspector herd the animals to safety - through Ben's garden! But one little lamb has been left behind. How will they get the animal across the deep water?
521 8# - TARGET AUDIENCE NOTE
Target audience note 650<br/>
Source Lexile estimate<br/>
521 8# - TARGET AUDIENCE NOTE
Target audience note Q<br/>
Source Raz-Plus<br/>
650 ## - SUBJECT ADDED ENTRY--TOPICAL TERM
Topical term or geographic name entry element Non-Fiction
Form subdivision Rainbow
General subdivision Toran
700 ## - ADDED ENTRY--PERSONAL NAME
Personal name Davis, Jon
Relator term illustrator
942 ## - ADDED ENTRY ELEMENTS (KOHA)
Source of classification or shelving scheme Dewey Decimal Classification
Koha item type Books
Suppress in OPAC No
Holdings
Withdrawn status Lost status Source of classification or shelving scheme Damaged status Not for loan Collection Home library Current library Shelving location Date acquired Total Checkouts Full call number Barcode Date last seen Copy number Price effective from Koha item type
    Dewey Decimal Classification     Juvenile Fiction Footprints International School Library Network Toul Kork Campus Footprints International School Library Network Toul Kork Campus TK Primary Library Room(4th Floor), Bookcase 5&6, Shelves 33-56, Orange Books 01/15/2025   DAV 823.92 PZ7 FISTKG4A049 01/15/2025 1 01/15/2025 Books
    Dewey Decimal Classification     Juvenile Fiction Footprints International School Library Network Toul Tom Poung Campus Footprints International School Library Network Toul Tom Poung Campus TTP Primary Orange Bookshelves 08/19/2025   DAV 823.92 PZ7 FIS05212 08/19/2025 2 08/19/2025 Books